| 000 | 00592nam a2200157 a 4500 | ||
|---|---|---|---|
| 008 | 101101s1997 ||||||||||||||||| || | | ||
| 050 | _aCBU-SB(05)JB | ||
| 100 | _aShah, Nitin | ||
| 245 | 1 | 4 | _aThe importance of urban cultivation for Zambia's future |
| 260 |
_aKitwe _bCopperbelt University School of Business _c1997 |
||
| 300 | _a37-50pp. | ||
| 350 | _a0.00 | ||
| 650 | _aAGRICULTURE | ||
| 650 | _aURBAN AGRICULTURE--ZAMBIA | ||
| 995 |
_D0.00 _FCBU-MAIN LIBRARY (Kitwe) _H1 _I0.00 _M1 _UAVAILABLE _WNov 1, 2010 _ZZambiana Collection |
||
| 999 |
_c46466 _d46466 |
||